000 00359nam a22001337a 4500
020 _qPB.
040 _cFIZZA ISHAQ
082 _a006.31
_bJIA
100 _aZHOU,JIANLONG.
_928801
245 _aHUMAN & MACHINE LEARNING VISIBLE EXPLAINABLE TRUSTWORTHY & TRANSPARENT /
_cJIANLONG ZHOU.
260 _aSPRINGER ;
_c2018.
300 _a482 P. ;
942 _2ddc
_cBK
999 _c589964
_d589964